| 000 | 00548nam a2200157 4500 | ||
|---|---|---|---|
| 020 | _a978-607-707-104-4 | ||
| 050 | _aTK7868 R45 2011 | ||
| 082 | _a621.3815 R364e 2011 | ||
| 100 | _aReina Acedo, Rafael | ||
| 245 | _aElectrónica digital en la práctica / Rafael Reina Acedo, Michael García Lorenz, Juan V zquez Martínez | ||
| 250 | _a1 | ||
| 260 | _aMéxico: Alfaomega | ||
| 300 | _a222 p. / 23 cm. | ||
| 650 | _a1. ELECTRÓNICA DIGITAL / 2. CIRCUITOS | ||
| 700 | _aI. García, Lorenz, Michael, Coaut. \ II. V zquez, Martínez, Juan Coaut. | ||
| 999 |
_c27438 _d27438 |
||